Rhyme Book (Record no. 15195)

MARC details
000 -LÍDER
campo de controle de tamanho fixo 00290 a2200133 4500
001 - NÚMERO DE CONTROLE
campo de controle 15195
020 ## - ISBN - INTERNATIONAL STANDARD BOOK NUMBER
ISBN - International Standard Book Number 9781409300472
040 ## - FONTE DA CATALOGAÇÃO
Instituição que transcreveu o registro Anchieta - Aquarius
240 10 - TÍTULO UNIFORME
Título uniforme Rhyme Book
Idioma da obra por
245 10 - TÍTULO
Título Rhyme Book
300 ## - DESCRIÇÃO FÍSICA
Extensão 10
650 #4 - ASSUNTO--TERMO TÓPICO
Cabeçalho tópico ou nome geográfico Literatura infanto-juvenil em inglês
942 ## - ELEMENTOS DE ENTRADA ADICIONADOS (KOHA)
Tipo de material Koha Livros
Holdings
Situação do descarte Situação das perdas Situação física Não pode ser emprestado Biblioteca de origem Biblioteca atual Data de aquisição Total de empréstimos Número de chamada completo Código de barras Data de último acesso Data do preço efetivo Tipo de material Koha Data do último empréstimo
        Colégio Anchieta - Aquarius Colégio Anchieta - Aquarius 21/11/2023   028.573 RHY 7306/AQU 21/11/2023 21/11/2023 Livros  
        Colégio São Paulo Colégio São Paulo 22/11/2023   LI 028.573 R474 8066/CSP 22/11/2023 22/11/2023 Livros  
        Colégio Anchieta - Bela Vista Inspira 21/11/2023 2 LI 028.573 L157r LAD RHY 99/BEL 21/11/2023 21/11/2023 Livros 21/11/2023